000 00496nam a2200181Ia 4500
003 GCL
008 140319s9999 xx 000 0 ara d
040 _aGCL /
_cGCL
082 0 4 _a320.9
_bم ر
100 1 _aمصطفى الفقى
245 1 0 _aالرؤية الغائبة /
_cمصطفى الفقى
300 _a144 ص
490 _a
650 0 4 _aالاحوال السياسية
650 0 4 _aالثقافة
650 0 4 _aالسياسة - مقالات و محاضرات
942 _2ddc
_cBK
999 _c45137
_d45137